| 000 | 00715nam a2200217 a 4500 | ||
|---|---|---|---|
| 005 | 20230318063630.0 | ||
| 008 | 021008s2001 mx r 000 0 spa d | ||
| 020 | _a8425421659 | ||
| 035 | _aUPN01000119991 | ||
| 049 | _aCG | ||
| 050 | 4 |
_aP106 _bM3.28a |
|
| 100 | 1 | _aMauthner, Fritz | |
| 245 | 1 | 0 |
_aContribuciones a una crítica del lenguaje / _cFritz Mauthner ; tr. José Moreno Villa ; ed. Adan Kovacsics. |
| 260 |
_aBarcelona, Esp. : _bHerder, _c2001. |
||
| 300 | _a229 p. | ||
| 534 |
_pTraducción de: _tBeiträge zu einer Kritik der sprache : Wesen der Sprache |
||
| 650 | 4 |
_aLENGUAS - _xFILOSOFIA _93839 |
|
| 650 | 4 |
_aLenguaje y lenguas _xEstudio y enseñanza _96150 |
|
| 902 | _aMCM/pgv | ||
| 905 | _aLibro | ||
| 999 |
_c92341 _d92341 |
||